000 00771na a2200253 4500
001 23917
003 MIRAKIL
005 20181213155323.0
008 180122b tu 000 0
020 _a975973091X
040 _aMilas
_btur
_cTR-AnCHP
041 _atur
082 _a629.13092
_bA24t 2006
090 _a629.13092 A24t 2006
100 _aAdıgüzel, M. Bahattin
245 _aTürk havacılığında iz bırakanlar
_cM. Bahattin Adıgüzel
260 _aAnkara
_bTürk Hava Kurumu
_c2006
_fTürk Tarih Kurumu Basımevi
300 _a355 s.
_btbl. , fotğ.
_c21 sm.
440 _aTürk Hava Kurumu kültür yayınları
_v7
650 _aPilotlar
_xTürkiye
650 _aTürk havacılığı
_xTarih
710 _aTürk Hava Kurumu
942 _2ddc
_cBKS
999 _c10483
_d10483